000 00532nam a2200169Ia 4500
008 240729s9999 xx 000 0 und d
022 _a1607-7938
245 0 _aHydrology and Earth System Sciences
260 _aGermany
260 _bCopernicus Publications
650 _a Environmental sciences
650 _a Environmental technology. Sanitary engineering | Geography. Anthropology. Recreation
650 _aTechnology
856 _uhttps://doaj.org/toc/9fced324deb2449f9369e450594cbc65
942 _2ddc
942 _cDOAJEJ
999 _c68354
_d68354
945 _a1
_bMadushi Gamage
_c1
_dMadushi Gamage